[Event "Sao Paulo Ataque Duplo op"]
[Site "Sao Paulo"]
[Date "2024.08.17"]
[Round "4"]
[White "Deguti Hata, Arthur Jr"]
[Black "Goncalves, Carlos Henrique"]
[Result "1-0"]
[WhiteElo "1671"]
[BlackElo "1539"]
[PlyCount "108"]
[EventDate "2024.08.17"]
[EventType "swiss"]
[EventRounds "5"]
[EventCountry "BRA"]
[SourceTitle "CBM 221 Extra"]
[Source "ChessBase"]
[SourceDate "2024.09.30"]
[SourceVersion "1"]
[SourceVersionDate "2024.09.30"]
[SourceQuality "1"]

1. e4 c5 2. Nf3 d6 3. d4 cxd4 4. Nxd4 Nf6 5. Nc3 a6 6. Bg5 Nbd7 7. f4 e5 8. Nb3 h6 9. fxe5 dxe5 10. Bd2 b5 11. Qf3 Bb7 12. Bd3 Rc8 13. 0-0 Be7 14. Rad1 Qc7 15. Ne2 Nc5 16. Nxc5 Bxc5+ 17. Kh1 Qe7 18. Ng3 g6 19. Qxf6 Qxf6 20. Rxf6 h5 21. Ne2 0-0 22. Bc3 Rfe8 23. Rdf1 Rc7 24. a3 Kg7 25. b4 Ba7 26. Bb2 Be3 27. Bc1 Ba7 28. Ng1 Bc8 29. Nh3 Bxh3 30. gxh3 Bd4 31. Kg2 Ree7 32. Bg5 Ra7 33. Rc6 Rec7 34. Rff6 Rxc6 35. Rxc6 Bb2 36. Bf6+ Kh7 37. Rc8 g5 38. Bxg5 Bxa3 39. Be3 Re7 40. Bc5 Re6 41. c4 Rh6 42. Kf3 Rf6+ 43. Ke3 Bc1+ 44. Ke2 Rg6 45. cxb5 axb5 46. Bxb5 Rg2+ 47. Kf3 Rxh2 48. Kg3 Bf4+ 49. Kf3 Rxh3+ 50. Kg2 Rg3+ 51. Kh1 h4 52. Bd7 Re3 53. Bf5+ Kh6 54. Bxe3 Bxe3 1-0

[Event "Sao Paulo Ataque Duplo op"]
[Site "Sao Paulo"]
[Date "2024.08.17"]
[Round "3"]
[White "Goncalves, Carlos Henrique"]
[Black "De Souza, Samuel B Ornelas"]
[Result "0-1"]
[WhiteElo "1539"]
[BlackElo "1787"]
[PlyCount "57"]
[EventDate "2024.08.17"]
[EventType "swiss"]
[EventRounds "5"]
[EventCountry "BRA"]
[SourceTitle "CBM 221 Extra"]
[Source "ChessBase"]
[SourceDate "2024.09.30"]
[SourceVersion "1"]
[SourceVersionDate "2024.09.30"]
[SourceQuality "1"]

1. c4 Nf6 2. g3 c5 3. Bg2 g6 4. Nf3 Bg7 5. 0-0 0-0 6. Nc3 Nc6 7. d3 h6 8. Rb1 d5 9. cxd5 Nxd5 10. Bd2 Be6 11. a3 Rc8 12. Nxd5 Bxd5 13. b4 Ba2 14. bxc5 Bxb1 15. Qxb1 Qc7 16. e3 Rfd8 17. d4 e5 18. dxe5 Nxe5 19. Nxe5 Rxd2 20. Nd3 Rd8 21. Nf4 Qxc5 22. Qxb7 Qxa3 23. Bd5 Qf8 24. Nxg6 Qe8 25. Bxf7+ Qxf7 26. Qxf7+ Kxf7 27. Nf4 Be5 28. Ng2 a5 29. Rb1 0-1